[Event "XXVII RUS-chT Premier 2020"]
[Site "Sochi"]
[Date "2020.11.26"]
[Round "7.5"]
[White "Askerov, Marat"]
[Black "Goganov, Aleksey"]
[Result "1/2-1/2"]
[WhiteElo "2338"]
[BlackElo "2602"]
[Annotator "TA"]
[PlyCount "102"]
[EventDate "2020.11.19"]
[EventType "team-tourn"]
[EventCountry "RUS"]
[SourceTitle "playchess.com"]
[Source "ChessBase"]
[SourceQuality "1"]

{[%evp 21,102,9,8,0,5,0,0,0,28,14,27,14,33,12,36,26,37,0,-10,0,0,0,0,0,0,-16,-14,-15,-20,-17,-15,-38,-33,-24,-2,-45,-46,-46,-43,-43,-18,-37,-37,-37,-11,-11,-11,-11,-11,-11,-11,-42,-42,-42,-37,-42,-37,-50,-50,-50,-50,-50,0,0,0,-58,-51,-59,0,-59,0,0,-1,-1,0,0,0,0,0,0,0,0,0]} 1. d4 Nf6 2. c4 e6 3. Nf3 d5 4. Nc3 c6 5. cxd5 exd5 6. Bg5 Be7 7. Qc2 Nbd7 8. e3 Nh5 9. Bxe7 Qxe7 10. Be2 g6 11. O-O O-O 12. Rab1 {D36: Queen's Gambit Declined: Exchange Variation: Main line (5 Bg5 c6 6 Qc2).} Ndf6 13. b4 {[%cal Bb2b4,Bb4b5][%mdl 32]} Bf5 14. Bd3 Ng7 15. b5 c5 16. dxc5 Qxc5 {[#]} 17. Rbc1 $146 ({Predecessor:} 17. Rfc1 Qd6 18. Rd1 Rac8 19. Qd2 Qa3 20. Bxf5 Rxc3 21. Bh3 Qc5 22. Qd4 Qxd4 23. Nxd4 {1-0 (61) Cerisier,P (2275)-Ghafari,R (2285) France 1989}) 17... Qa3 (17... Bxd3 {seems wilder.} 18. Qxd3 Ne6 19. Rfd1 Rac8 20. Ne2 Qb6) 18. Bxf5 Nxf5 19. e4 dxe4 20. Nxe4 Nxe4 21. Qxe4 b6 22. Qb1 Rad8 23. h3 Nd4 24. Nxd4 Rxd4 25. Rc7 Rd2 26. Rc2 Rfd8 27. Rfc1 h5 28. Qa1 {[#] And now Rxd2 would win.} Rxc2 29. Rxc2 $15 {[%mdl 4096] Endgame KQR-KQR} Qa4 30. Qb2 h4 31. Kh2 Qf4+ 32. g3 Qf3 33. Rc4 hxg3+ 34. fxg3 Qd5 (34... Qe3 $5 35. Rc2 $8 Qd4 $15) 35. Rc2 Qd4 36. Qxd4 (36. h4 {with more complications.} Qxb2 37. Rxb2 Rd4 38. Kh3 Ra4 39. g4) 36... Rxd4 $11 {KR-KR} 37. Rb2 Kg7 38. Kg2 Rd3 39. a4 Rd4 40. Ra2 Rb4 41. g4 Kh6 42. Rf2 Kg7 43. Ra2 f6 44. Ra3 Kh6 (44... Kf7 $15) 45. Kg3 (45. Rf3 $11) 45... f5 (45... g5 $1 $15) 46. gxf5 {The position is equal.} gxf5 47. a5 Kg5 48. axb6 axb6 49. Rc3 Rxb5 50. h4+ Kf6 51. Rc6+ Kg7 {Weighted Error Value: White=0.09/Black=0.11} 1/2-1/2

[Event "XXVII RUS-chT Premier 2020"]
[Site "Sochi"]
[Date "2020.11.26"]
[Round "7.6"]
[White "Shimanov, Aleksandr"]
[Black "Golikov, Daniil"]
[Result "1-0"]
[WhiteElo "2593"]
[BlackElo "2230"]
[Annotator "TA"]
[PlyCount "67"]
[EventDate "2020.11.19"]
[EventType "team-tourn"]
[EventCountry "RUS"]
[SourceTitle "playchess.com"]
[Source "ChessBase"]
[SourceQuality "1"]

{[%evp 13,67,20,24,-4,24,27,22,32,42,22,36,21,22,13,10,21,16,18,38,40,41,39,45,29,362,361,452,438,529,511,498,510,520,518,522,503,1092,1076,972,382,360,361,429,424,427,436,437,395,439,420,501,503,475,435,856,804]} 1. Nf3 Nf6 2. c4 c6 3. g3 d5 4. Bg2 g6 5. b3 Bg7 6. Bb2 O-O 7. O-O Nbd7 8. Nc3 {8.d4 is setting a new trend. A11: English Opening: 1...c6.} b6 9. d4 Bb7 10. Qc2 {The position is equal.} Qc7 11. Rfe1 Rfe8 12. Rad1 e6 {[#]} 13. Bc1 $146 ({Predecessor:} 13. e4 dxe4 14. Nxe4 Nxe4 15. Rxe4 Nf6 16. Re2 Rad8 17. Ne5 Ba8 18. Rde1 Bb7 19. h4 h5 {0-1 (53) Werchan,H (2145)-Vierroth,H Bad Wildbad 1998}) 13... Rad8 14. Bf4 Qc8 15. Qc1 a6 16. Ne5 $36 {[%mdl 2048] White is more active.} c5 17. dxc5 Nxc5 18. Bg5 $1 dxc4 $2 {[%mdl 8192] [#] This move loses the game for Black.} (18... Qc7 $11 {and Black stays safe.} 19. Bxf6 Bxf6) 19. Qf4 $1 $18 {[%mdl 64] Double Attack} Rxd1 20. Rxd1 Nh5 21. Qxf7+ Kh8 22. Bxb7 Nxb7 {[#]} 23. Nxg6+ $1 {[%mdl 512]} hxg6 24. Qxg6 cxb3 (24... Rf8 $142 25. Qxh5+ Kg8) 25. Qxh5+ Kg8 26. axb3 $2 (26. Ne4 {Nf6+ would kill now.} Rf8 {[#]} 27. Qg6 $1 {[%mdl 512]}) 26... Rf8 27. Rc1 {Black must now prevent Nd5!} Qc5 28. Ne4 Qf5 29. f3 Nc5 30. Nxc5 bxc5 31. Kg2 Qe5 32. Rc2 {White is clearly winning.} Qd5 33. Qg6 Qxb3 {[#]} (33... Qf5 $142 34. Qxf5 exf5 35. Rxc5 Re8) 34. Bh6 $1 {Weighted Error Value: White=0.19/Black=0.49} 1-0

[Event "XXVII RUS-chT Premier 2020"]
[Site "Sochi"]
[Date "2020.11.26"]
[Round "7.7"]
[White "Andreikin, Dmitry"]
[Black "Goryachkina, Aleksandra"]
[Result "1/2-1/2"]
[WhiteElo "2726"]
[BlackElo "2592"]
[Annotator "TA"]
[PlyCount "100"]
[EventDate "2020.11.19"]
[EventType "team-tourn"]
[EventCountry "RUS"]
[SourceTitle "playchess.com"]
[Source "ChessBase"]
[SourceQuality "1"]

{[%evp 18,100,16,19,15,-8,-12,0,-12,-6,-4,-8,-3,0,-6,-16,0,0,0,0,8,8,8,8,8,8,15,0,18,18,27,18,18,16,17,18,15,14,18,0,0,0,0,0,0,0,0,0,0,0,0,0,0,0,0,0,5,0,0,0,0,0,0,0,0,0,0,0,0,0,0,0,0,0,0,0,0,0,0,0,0,0,0,0,0]} 1. e4 e5 2. Nf3 Nc6 3. Bb5 Nf6 4. O-O Nxe4 5. Re1 Nd6 6. Nxe5 Be7 7. Bf1 Nxe5 8. Rxe5 O-O 9. d4 Bf6 10. Re1 Re8 $1 {The main line 10...Re8 scores better than 10...Nf5. C67: Ruy Lopez: Berlin Defence: 4 0-0 Nxe4.} 11. Nc3 Rxe1 12. Qxe1 Bxd4 13. Bf4 {aiming for Nd5.} Ne8 14. Nd5 d6 15. Bg5 f6 16. Bh4 Bxb2 17. Rb1 Be5 18. f4 $1 {[%cal Rf4e5]} c6 19. fxe5 cxd5 20. exf6 Nxf6 21. Bd3 Bd7 $1 22. Qf2 {[#]} Ng4 $146 ({Predecessor:} 22... Bc6 23. Qd4 Qc7 24. Bxf6 gxf6 25. Qxf6 Rf8 26. Qe6+ Kh8 27. h3 d4 28. Rf1 Rxf1+ 29. Bxf1 {1-0 (58) Blomqvist,E (2523)-Holm,K (2489) Norway 2019}) 23. Bxd8 {[#] Qh4 is the strong threat.} ({Don't go for} 23. Rxb7 $2 Qc8 $19) 23... Nxf2 24. Kxf2 {Black must now prevent Bc7.} Rxd8 {The position is equal.} 25. Rxb7 $11 {[%mdl 4096] Endgame KRB-KRB} a6 26. Ke3 Bb5 27. Rb6 Kf7 28. a4 Bxa4 29. Rxa6 Be8 $1 30. Kd4 ({Much weaker is} 30. Bxh7 g6 $17) 30... Kf6 31. Bxh7 g6 {Hoping for ...Bf7.} 32. Bg8 ({Of course not} 32. Kxd5 Bf7+ 33. Kd4 Kg7 $17) 32... Bb5 33. Ra5 Rxg8 34. Rxb5 {KR-KR} Rc8 35. Kd3 Ke6 36. Rb4 g5 37. c3 Ra8 38. Rb2 Ra1 39. Re2+ Kf6 40. Rf2+ Ke6 41. Re2+ Kf6 42. h3 Rg1 43. Ke3 Rc1 44. Kd2 Rf1 45. Re3 Rf2+ 46. Re2 Rf1 47. Kd3 Rg1 48. Rf2+ Ke5 49. Ke3 Rc1 50. Kd3 Rg1 {A rather calm draw.  Weighted Error Value: White=0.02/Black=0.01} 1/2-1/2

[Event "XXVII RUS-chT Premier 2020"]
[Site "Sochi"]
[Date "2020.11.26"]
[Round "7.8"]
[White "Kobalia, Mikhail"]
[Black "Dreev, Aleksey"]
[Result "1/2-1/2"]
[WhiteElo "2590"]
[BlackElo "2655"]
[Annotator "TA"]
[PlyCount "160"]
[EventDate "2020.11.19"]
[EventType "team-tourn"]
[EventCountry "RUS"]
[SourceTitle "playchess.com"]
[Source "ChessBase"]
[SourceQuality "1"]

{[%evp 10,160,2,-3,7,0,0,0,0,-10,-2,-6,-4,-14,0,-11,0,-14,0,-3,0,-14,-7,-31,0,0,0,-7,10,18,14,6,35,31,32,-25,-25,-28,-25,-28,-29,-18,-18,-41,-41,-51,-38,-52,-48,-48,-48,-48,-47,-66,-67,-55,-56,-73,-67,-85,-85,-93,-93,-86,-89,-94,-86,-102,-98,-110,-101,-106,-101,-102,-102,-102,-101,-103,-102,-102,-102,-107,-101,-101,-92,-102,-102,-94,-95,-102,-82,-82,-11,-14,-18,-15,-15,-18,-14,-18,-18,-65,-72,-98,-95,-106,-100,-179,-186,-179,-179,-292,-289,-293,-289,-337,-330,-330,-179,-316,-179,-179,-179,-179,-179,-179,-179,-179,-179,-179,-179,-179,-179,-179,-179,-179,-179,-179,-28,-22,-10,-117,-58,-179,-8,-8,-8,-8,0,0,0,0,8]} 1. Nf3 Nf6 2. c4 e6 3. g3 a6 4. Nc3 d5 5. cxd5 exd5 6. d4 Be7 {A13: English Opening: 1...e6.} 7. Bg2 O-O 8. O-O c6 9. Bg5 Re8 10. Qc2 Nbd7 11. Rad1 {[#]} Ne4 $146 ({Predecessor:} 11... Nf8 12. Rfe1 Be6 13. Nd2 Ng6 14. Nb3 Nd7 15. Bxe7 Nxe7 16. e4 dxe4 17. Nxe4 Bf5 {½-½ (47) Hoffman,A (2479)-Del Rio de Angelis,S (2470) Sant Lluis 2005}) 12. Bf4 Ndf6 13. Ne5 Bf5 14. Qb3 Nd6 15. f3 Nb5 16. Kh1 Qa5 17. a4 Nd6 18. Nd3 b5 19. axb5 Nxb5 20. Ne5 Qb4 21. Qxb4 Bxb4 22. Na2 (22. e4 $14 Bxc3 23. bxc3) 22... Bd6 $11 23. e4 dxe4 24. fxe4 Bxe4 25. Bxe4 Nxe4 26. Nxc6 Bxf4 27. Rxf4 Ned6 28. Rf2 a5 29. Nc1 a4 30. Nd3 a3 31. bxa3 Rxa3 32. Nf4 g6 33. Rc2 Kg7 34. Ne5 Nf5 35. Nc4 Ra4 {White must now prevent ...Rc8.} 36. d5 Rc8 37. Na3 Rc3 38. Rxc3 Nxc3 39. Ra1 g5 40. Nh3 h6 41. Nc2 Rxa1+ 42. Nxa1 $17 {[%mdl 4096] Endgame KNN-KNN} Nd4 43. Nf2 Nxd5 44. Ne4 Ne3 45. Kg1 Nc4 46. Nc5 Nd2 47. Kf2 g4 48. Nd3 Kf6 49. Nb4 N4f3 50. Kg2 Ne1+ (50... Kf5 $17 {Threatening ...h5.} 51. Nac2 Ke4) 51. Kf2 $11 Ndf3 52. Nb3 Ke5 53. Nc5 f5 54. Nb7 h5 55. Nc5 Kd4 $1 {[%cal Rd4c5]} 56. Ne6+ Kc4 $1 {[%cal Rc4b4]} 57. Nc6 Nd3+ 58. Kg2 (58. Ke2 $17) 58... Kd5 $19 59. Ncd8 Ke5 60. Ng7 (60. Nc7 $142) 60... h4 61. gxh4 {Cut Off at move 61} Kf6 (61... Nxh4+ 62. Kg3 $11) 62. Nge6 f4 ({Inferior is} 62... Nxh4+ 63. Kg3 $11) 63. h5 Nh4+ (63... Nd2 $142 64. Nxf4 {[%mdl 64] Remove Defender} Nxf4+ 65. Kg3 Kf5) 64. Kg1 (64. Kf1 $142) 64... f3 (64... Nf5 $142 {And now ...f3 would win.} 65. h6 Nxh6) 65. Nd4 Ng2 $1 {[%cal Rg2e3] ( -> ...Ne3)} 66. Nc2 Kg5 67. Nc6 Kxh5 68. N6b4 Ndf4 69. Nc6 Kg5 70. N6d4 {[#] intending Kf2.} Nh3+ $1 71. Kf1 Kf4 72. Ne6+ Ke5 73. Nc5 Ng5 $2 (73... Kf5 $19 {...Ke5 is the strong threat.} 74. Nd3 Ke4 75. Nc5+ Kf4 76. Nd3+ Ke4 77. Nc5+ Kd5) 74. Nd3+ $1 $11 Kf5 {Strongly threatening ...Nh3.} 75. Nf2 {[#]} (75. Kf2 $1 $11 {was the only way to keep the balance.}) 75... Ne6 (75... Ne4 $1 $17 {aiming for ...Nxf2.} 76. Nd3 Nd2+ 77. Kf2 Ne4+ 78. Kg1 Kg5) 76. Nd3 ({White has to play} 76. Kg1 $15) 76... Kg5 $2 (76... Ngf4 $19 77. Ne3+ Ke4 {[%mdl 64] Double Attack} 78. Nf2+ Kxe3 79. Nxg4+ Ke4) 77. Kf2 {The position is equal.} Ngf4 78. Ne5 Nh3+ 79. Kg3 f2 80. Ne3 Nhf4 {And White is the lucky defender.  Weighted Error Value: White=0.10/Black=0.07} 1/2-1/2

[Event "XXVII RUS-chT Premier 2020"]
[Site "Sochi"]
[Date "2020.11.26"]
[Round "7.9"]
[White "Rublevsky, Sergei"]
[Black "Demidov, Mikhail"]
[Result "1/2-1/2"]
[WhiteElo "2653"]
[BlackElo "2526"]
[Annotator "TA"]
[PlyCount "81"]
[EventDate "2020.11.19"]
[EventType "team-tourn"]
[EventCountry "RUS"]
[SourceTitle "playchess.com"]
[Source "ChessBase"]
[SourceQuality "1"]

{[%evp 10,81,19,17,15,22,18,15,23,26,39,52,48,41,33,12,52,56,71,26,31,26,20,11,20,32,45,59,53,61,60,38,34,45,38,27,23,17,25,0,0,-31,0,0,0,0,0,0,0,0,0,0,0,0,0,0,0,0,0,0,0,0,0,0,0,0,0,0,0,0,0,0,0,0]} 1. e4 {Postny,E} c6 2. d4 d5 3. e5 Bf5 4. Nd2 e6 5. Nb3 Nd7 6. Nf3 Qc7 {B12: Caro-Kann: Advance Variation.} 7. Be2 c5 8. c3 c4 9. Nbd2 {[#]} f6 $146 {[%cal Rf6e5]} ({Predecessor:} 9... h6 10. b3 cxb3 11. Qxb3 Ne7 12. c4 Nc6 13. cxd5 exd5 14. O-O Nb6 15. a4 a5 {½-½ (26) Volokitin,A (2623)-Postny,E (2575) Austria 2018 CBM 184 [Postny,E]}) 10. O-O fxe5 11. dxe5 Bc5 12. b3 Ne7 13. bxc4 Nxe5 14. Nxe5 Qxe5 15. Nb3 Bd6 {[%csl Gd6][%cal Re5h2] [#]} ({Don't go for} 15... Qxc3 $2 16. Bd2 $18) 16. g3 {Threatens to win with Bf4.} Qxc3 17. Bg5 h6 18. Rc1 Qb2 19. Bxe7 Bxe7 20. Nd4 O-O {[#] ...Bh3 is the strong threat.} 21. Nxf5 Rxf5 22. Bd3 Rf6 $1 23. cxd5 Rd8 24. Rb1 Qxa2 25. dxe6 b6 26. Ra1 {The position is equal.} Qxe6 27. Rxa7 Kh8 28. Qe2 Qxe2 29. Bxe2 Bc5 30. Ra2 Rfd6 31. Rb1 Rd2 32. Rbb2 Rxb2 33. Rxb2 $11 {[%mdl 4096] Endgame KRB-KRB} g5 34. Kg2 Kg7 35. Bc4 Rd4 36. Bb5 Rb4 37. Rxb4 Bxb4 38. f4 gxf4 39. gxf4 Bd6 40. Kf3 Kf6 41. Ke4 {Weighted Error Value: White=0.05/Black=0.03} 1/2-1/2

[Event "XXVII RUS-chT Premier 2020"]
[Site "Sochi"]
[Date "2020.11.26"]
[Round "7.10"]
[White "Murzin, Volodar"]
[Black "Potkin, Vladimir"]
[Result "1-0"]
[WhiteElo "2470"]
[BlackElo "2583"]
[Annotator "TA"]
[PlyCount "101"]
[EventDate "2020.11.19"]
[EventType "team-tourn"]
[EventCountry "RUS"]
[SourceTitle "playchess.com"]
[Source "ChessBase"]
[SourceQuality "1"]

{[%evp 15,101,9,21,15,22,6,-6,-9,0,-4,-4,-7,-11,-5,0,-46,-45,-36,-39,-52,0,0,-11,-7,0,-18,-8,-23,-32,-41,-29,-50,0,0,0,0,0,0,41,0,-6,0,0,-5,-8,-108,0,0,-22,-69,-44,-41,-40,-123,-95,-177,-177,-175,-170,-235,-108,-172,-169,-166,-172,-152,-133,-170,-128,-129,0,0,-1,0,0,0,0,0,735,0,29991,29992,29992,29986,29989,29990,29990,29990]} 1. e4 c5 2. Nf3 d6 3. Bb5+ Nd7 4. O-O a6 5. Bd3 Ngf6 6. c3 b5 7. Bc2 Bb7 8. Qe2 e6 9. d4 {B51: Sicilian: Moscow Variation (3 Bb5+) without 3...Bd7.} Be7 10. Nbd2 Qc7 11. Bd3 {The position is equal.} Nh5 12. g3 {[#]} c4 $146 ({Predecessor:} 12... Nhf6 13. b3 O-O 14. Bb2 c4 15. Bc2 cxb3 16. axb3 b4 17. Bd3 bxc3 18. Rac1 Rfc8 19. Rxc3 {½-½ (95) Ponomariov,R (2712)-Vidit,S (2692) Khanty-Mansiysk 2017}) 13. Bc2 O-O 14. Ne1 Nhf6 15. f4 e5 16. fxe5 dxe5 17. d5 Bc5+ 18. Kh1 Ne8 19. g4 Nd6 20. Ng2 a5 {[%cal Ba6a5,Ba5a4][%mdl 32]} 21. Nf3 {[%cal Bd2f3,Bf3h4,Bh4f5][%mdl 32]} b4 22. Nfh4 a4 23. a3 bxc3 (23... b3 $5 {[%cal Rb3c2]} 24. Bb1 f6 $17) 24. bxc3 Bb6 25. Nf5 Nc5 26. Be3 Nb3 27. Ra2 Ba5 28. Nxd6 Qxd6 29. Qe1 ({Avoid the trap} 29. Qxc4 $2 Ba6 $19) 29... Bc8 30. Bd1 (30. Bg1 $11) 30... Bd7 (30... Qg6 $1 $17 31. Bg1 Nc1) 31. Nh4 $1 $11 Nc5 32. Bd2 Nd3 33. Qg3 Rfb8 34. Bc2 {[#]} ({White should try} 34. Nf5 $15 Bxf5 35. gxf5) 34... Rb3 $1 $17 {[%mdl 512]} 35. Nf5 (35. Bxd3 $17 cxd3 36. Nf5 Bxf5 37. gxf5) (35. Bxb3 axb3) 35... Bxf5 $19 36. gxf5 Bxc3 37. Bxd3 (37. Bxc3 {was worth a try.} Rxc3 38. Rg1) 37... cxd3 (37... Bxd2 $1 $19 38. Rxd2 Rxa3 {[%mdl 64] Pin}) 38. Qxd3 (38. Bxc3 $17 Rxc3 39. Rg2) 38... Bxd2 39. Qxd2 Rxa3 40. Rc2 Rb3 $1 41. Rg1 g6 42. fxg6 hxg6 ({Black should play} 42... fxg6 $17 {Strongly threatening ...a3.} 43. Qg2 Qf6) 43. Rc6 $1 $11 {[%cal Rc6d6]} Qf8 {aiming for ...a3.} (43... Qb4 $5 44. Qg2 $8 Rb1 45. Rxg6+ fxg6 46. Qxg6+ Kf8 47. Qf6+ Ke8 48. Qxe5+ Kf7 49. Qe6+ Kf8 50. Qf6+ Ke8 51. Qe6+ Kf8 52. Qf6+ Ke8 53. Qe5+ Kd8 54. Qf6+ Ke8 $11) 44. d6 Rb5 45. Qd3 $36 {[%mdl 2048] Black is under pressure.} Rba5 46. Rc7 {Qc4! is the strong threat.} Rd8 $2 {[%mdl 8192] [#]} (46... Kg7 $11) 47. Re7 $2 ({White has to play} 47. Qc4 $1 $18 {[%mdl 512] White wants to mate with Rxg6+.} Rxd6 48. Rc8) 47... Raa8 $2 {[%mdl 8192] [#]} (47... Rc5 $11) 48. Rxg6+ $1 {[%mdl 512] White mates.} Kh7 (48... fxg6 49. Qd5+) 49. Rf6 Qxe7 50. Qh3+ Kg8 51. Qg3+ {Weighted Error Value: White=0.35/Black=0.28} 1-0

[Event "XXVII RUS-chT Premier 2020"]
[Site "Sochi"]
[Date "2020.11.26"]
[Round "7.11"]
[White "Chernyshov, Konstantin"]
[Black "Belyakov, Bogdan"]
[Result "0-1"]
[WhiteElo "2427"]
[BlackElo "2450"]
[Annotator "TA"]
[PlyCount "164"]
[EventDate "2020.11.19"]
[EventType "team-tourn"]
[EventCountry "RUS"]
[SourceTitle "playchess.com"]
[Source "ChessBase"]
[SourceQuality "1"]

{[%evp 10,164,0,-10,-10,-10,-10,-5,-7,-25,-19,-25,-21,-18,-21,-27,-11,-26,-22,-50,-20,-22,-8,-22,-22,-47,-36,-68,-48,-97,-97,-98,-87,-102,-61,-64,-58,-69,-45,-62,0,0,23,-93,-80,-93,-35,-118,-123,-114,-116,-122,-122,-124,-93,-65,-80,-113,-100,-127,-100,-100,-70,-83,-50,-148,-133,-137,-131,-183,-154,-183,-167,-187,-35,-179,-154,-216,-147,-146,-147,-136,-122,-201,-140,-136,-155,-152,-154,-139,-143,-255,-155,-153,-158,-299,-297,-420,-394,-575,-424,-430,-408,-401,-389,-710,-201,-216,-210,-184,-196,-450,-439,-634,-17,-16,0,-641,-627,-597,-582,-557,-553,-29968,-29970,-29966,-29969,-29937,-12814,-2533,-454,-279,-723,-614,-221,-250,-250,-500,-499,-434,-162,-171,0,-404,-146,-29988,-29989,-29989,-29989,-29989,-29990,-29990,-29991,-29992,-29993,-29996,-29997]} 1. e4 e5 2. Nf3 Nc6 3. Bb5 a6 4. Bxc6 dxc6 5. d3 Bd6 6. Be3 c5 {C68: Ruy Lopez: Exchange Variation, sidelines.} 7. Nbd2 Ne7 8. h3 O-O {[#] The position is equal.} 9. Qe2 $146 ({Predecessor:} 9. O-O Nc6 10. Nc4 f6 11. Nh4 Be6 12. Nf5 b5 13. Ncxd6 cxd6 14. c3 Bxf5 15. exf5 Qd7 {0-1 (15) Vlietstra,M (2020)-Mayr,F (2204) ICCF email 2015}) 9... Nc6 10. c3 a5 11. a4 Re8 12. O-O h6 13. Rfd1 Qf6 14. Nf1 {[%cal Bd2f1,Bf1g3,Bg3h5][%mdl 32]} Ne7 15. Ng3 Ng6 16. Nh5 Qe6 17. Re1 Bd7 18. Nh2 Rad8 19. f3 Nf4 20. Nxf4 exf4 21. Bf2 b6 22. Nf1 Qg6 23. Kh2 Qh5 24. Nd2 Re5 (24... Be6 $15) 25. Nc4 $11 Rg5 {With the idea ...Rxg2+!} 26. Qf1 (26. Rg1 $11) 26... Re8 $1 $17 {[%cal Re8e6]} 27. Nxd6 cxd6 28. g4 (28. Re2 $1 $15) 28... fxg3+ $1 29. Bxg3 Qg6 30. Qf2 Qe6 31. Qg2 f5 32. f4 Rg6 33. Re2 Rf8 $36 {[%mdl 2048] Black is really pushing.} 34. e5 dxe5 35. Rxe5 Qd6 36. Qe2 Bc6 37. b3 (37. d4 $1 $15) 37... Rff6 {...Rxg3! is the strong threat.} 38. Rg1 Kh7 39. Qe3 (39. h4 $17) 39... Bd5 40. c4 Bb7 41. Qe2 Qc6 $2 ({Black should play} 41... Qd4 $19 {aiming for ...Qxg1+!} 42. Re3 Re6 $1 {[%mdl 512]}) 42. Qf2 ({Only move:} 42. h4 $1 $15) 42... Qd7 $19 43. Qe2 (43. Qe3 $17) 43... Rd6 44. Re7 Qc6 45. Re3 Ba8 46. Qf1 (46. Re5 $17 {was worth a try.}) 46... Qd7 47. Bf2 Rxg1 48. Bxg1 Qf7 49. Bf2 Qf6 50. Rg3 (50. Re8 $17 {keeps fighting.} Bb7 51. Re5) 50... Qb2 {White must now prevent ...Re6.} 51. Qg1 Rd7 $1 52. Rg6 (52. Re3 $17) 52... Bf3 ({But not} 52... Rxd3 53. Re6) 53. Rxb6 {[#]} (53. Re6 $142 Bh5 54. Rxb6) 53... Bh5 $1 54. d4 (54. Qg2 $142 Rxd3 55. Re6) 54... Rxd4 55. Qg3 {[#] If only White now had time for Re6....} Rd3 $1 {[%mdl 512]} 56. Qg2 (56. Qxd3 Qxf2+) 56... Qd2 57. Rb7 $2 (57. Re6 Qxf4+ 58. Bg3) 57... Bg6 $2 (57... Qxf4+ 58. Bg3 Qd4) 58. Rb6 Qxf4+ 59. Bg3 Qg5 {And now ...Rd2! would win.} 60. h4 $2 (60. Bf2 {was called for.}) 60... Qg4 61. Bf2 {Cut Off at move 61} (61. Be1 $142 Qh5 62. Bf2) 61... Qf4+ $2 (61... Qh5 $19 {Threatens to win with ...f4.} 62. Ra6 f4) 62. Bg3 $11 Qg4 $2 {[%mdl 8192]} (62... Qe4 $11 63. Qxe4 fxe4) 63. Bf2 $1 $19 Qh5 64. Rb5 Rd2 65. Rxc5 Qe2 66. Kg1 f4 67. Rd5 Rxd5 68. Qxd5 Be4 69. Qd4 Qf3 (69... Bb7 $142 {Hoping for ...h5.} 70. h5 Be4) 70. Kf1 Bd3+ $2 (70... Bg6 71. Ke1 Qxb3) 71. Kg1 Bf5 $2 (71... h5 72. c5 Bf5) 72. Kf1 Bc2 73. c5 $2 (73. Ke1 {was the only defense.}) 73... Bd3+ 74. Kg1 Be4 $2 (74... Bf5 75. Kf1 Bg4) 75. Kf1 Bd3+ $2 (75... Bc2 76. Ke1 Qxb3) 76. Kg1 h5 $2 ({Don't play} 76... Be4 77. Kf1 $19) (76... Bf5 $19 {has better winning chances. ( -> ...Bh3)} 77. Kf1 Bg4) 77. b4 $2 {[%mdl 8192]} (77. c6 $17) 77... axb4 {Black mates.} 78. Qxb4 Bf5 79. Qd2 Be4 {[%csl Ge4][%cal Rf3h1]} 80. Kf1 {[#]} Bd3+ $1 81. Kg1 Qg4+ 82. Kh2 Be4 {Weighted Error Value: White=0.39/Black=0.29} 0-1